000 00263nam a2200109Ia 4500
100 _a#N/A
942 _cBK
654 _alinux mint - out of the box desktop solutions
245 _aLinux Mint - Out of the Box Desktop Solution
260 _b#N/A
546 _aENGLISH
999 _c33906
_d33906